MARC
| LEADER | 00000nam a2200000Ia 4500 | ||
|---|---|---|---|
| 008 | 170316s9999 xx 000 0 und d | ||
| 090 | |a 100 P-19m | ||
| 100 | |a Peroutka, Ferdinaud | ||
| 245 | |a Manifiesto democrático | ||
| 260 | |a San José, Costa Rica | ||
| 260 | |b UACA | ||
| 260 | |c 1986 | ||
| 300 | |a 260 páginas | ||
| 650 | |a FILOSOFÍA | ||
| 650 | |a DEMOCRACIA | ||
| 999 | |c 17249 |d 17249 | ||
| 040 | |a cru BVZT | ||
| 942 | |c 15 D |h 100 P-19m |2 z | ||
